000 00416nam a22001697a 4500
003 NUST - PNEC
005 20170116180905.0
008 150902b xxu||||| |||| 00| 0 eng d
020 _a1851523715
040 _cLIBRARY
082 _a613.85 BRO
100 _96622
_aBrown,Loulou
245 _aHow to give up smoking
_cLoulou Brown
260 _cc.1990
650 _96624
_aSmoking
_xGeneral Book
942 _2ddc
_cBK
999 _c65083
_d65083